01006nam a22002657a 450000100040000000500170000402000300002104000230005105000240007408200140009810000250011224500830013726000360022030000420025650500080029852002110030652100200051752100200053765000230055765000350058065000220061565000380063765000320067570000330070773820231204081648.0 a9780670062430 (hardcover) aDLCcDLCdDLCbeng00aPZ7.W24644bEm 201100a[Fic]2221 aWarner, Sallyd1946-10aEllRay Jakes is not a chicken /cby Sally Warner ; illustrated by Jamie Harper aNew York :bScholastic, c2011. a108 pages :billustrations ;c20 cm. aW  aEight-year-old EllRay's father has promised a family trip to Disneyland if EllRay can stay out of trouble for a week, but not defending himself against Jared, the class bully, proves to be a real challenge. a940 bLexile  aW bRaz-Plus  1aBehaviorvFiction. 1aBullies and bullyingvFiction. 1aSchoolsvFiction. 1aFamily lifezCaliforniavFiction. 1aAfrican AmericansvFiction.1 aHarper, Jamieeillustrator.